LEADER 01146cam0 22002771 450 001 SOBE00045200 005 20150904114947.0 100 $a20141106d2014 |||||ita|0103 ba 101 $aita 102 $aIT 200 1 $a<>nuove Srl$easpetti sistematici e soluzioni operative$eatti del Convegno Firenze, 18 ottobre 2013, Mestre, 23 gennaio 2014 210 $aMilano$cGruppo 24 ore$d2014 215 $a205 p.$d24 cm 225 2 $aquaderni della Fondazione Italiana per il Notariato$hGli atti dei convegni$v1/2014 300 $aIn testa al frontespizio: Fondazione italiana del notariato 410 1$1001LAEC00028678$12001 $aI *quaderni della Fondazione Italiana per il Notariato. Gli atti dei convegni$v1/2014 712 02$a*Fondazione *italiana del *notariato$3A600200038150$4070 801 0$aIT$bUNISOB$c20150904$gRICA 850 $aUNISOB 852 $aUNISOB$j340$m165167 912 $aSOBE00045200 940 $aM 102 Monografia moderna SBN 941 $aM 957 $a340$b0007763$gSI$d165167$n20141029$rdono$tV$1menle$2UNISOB$3UNISOB$420141106152227.0$520141106152327.0$6menle 996 $aNuove Srl$9253373 997 $aUNISOB